| 000 | 00375nam a2200145Ia 4500 | ||
|---|---|---|---|
| 008 | 230917s9999||||xx |||||||||||||| ||und|| | ||
| 040 |
_e242769 _aMAIN |
||
| 041 | _aEnglish | ||
| 082 | _a327.540549 K152B | ||
| 100 | _aKashmir Singh | ||
| 245 | 0 | _aBharat-Pakistan ke rajneetik sambandhon ka ek vishleshnatmak adhyayan | |
| 260 | _c2015 | ||
| 300 | _a127 p. | ||
| 942 | _cTH | ||
| 999 |
_c127158 _d127158 |
||